World Cup Winners - World Map Sudden Death - Statistics

General Stats
  • This quiz has been taken 325 times
    324 since last reset
  • The average score is 7 of 8
Answers on the Grid
Answers color-coded by a green-red scale on the quiz's grid according to % correct below.
 
Answer Stats
Answer % Correct
Argentina, Brazil
98%
Brazil
96%
Argentina, Brazil, Uruguay
92%
England, France, Germany, Italy, Spain
92%
England, Germany
91%
Brazil
88%
Brazil
81%
Spain (Canary Islands)
44%
No matching quizzes found
Score Distribution
Percent of People with Each Score
Percentile by Number Answered
Your Score History
You have not taken this quiz since the last reset